000 00651nam a2200241Ia 4500
003 OSt
005 20221005065800.0
006 a|||||r|||| 00| 0
007 ta
008 221004b |||||||| |||| 00| 0 eng d
024 _a100561
037 _cTextual
040 _aCRL
_cCRL
_beng
041 _2eng
_aeng
082 _aO142,3M68x, 111L8.7
100 _aGorky Maxim
245 0 _aMy apprenticeship my my universities
260 _aMoscow
_bProgress Publishers
_c1978
300 _a485p.
_ccm.
650 _aENGLISH LITERATURE
942 _hO142,3M68x, 111L8.7
_cTEXL
_2cc
999 _c975175
_d975175